| 000 | 00437cam a2200169ua 4500 | ||
|---|---|---|---|
| 020 | _c2.00 | ||
| 041 |
_amal _h |
||
| 082 |
_a921 _bKRI/SW |
||
| 100 | _aKrishna Warrier, A G . | ||
| 245 |
_aSwami Vivekanandan / _cA G Krishna Warrier. _hTextual Documents |
||
| 260 |
_aKottayam : _bSahitya Pravarthaka Co-operative Society , _c1963. |
||
| 300 | _a183 ; . | ||
| 365 | _a2.00 | ||
| 504 | _a | ||
| 942 | _cBK | ||
| 999 |
_c6177 _d6177 |
||